[Event "CRO-chT2 West"]
[Site "Croatia"]
[Date "2014.11.16"]
[Round "8.16"]
[White "Spika, Ivica"]
[Black "Kukina, Mario"]
[Result "0-1"]
[WhiteElo "1987"]
[BlackElo "2047"]
[PlyCount "48"]
[EventDate "2014.03.15"]
[EventType "team-tourn"]
[EventRounds "9"]
[EventCountry "CRO"]
[SourceTitle "EXT 2019"]
[Source "ChessBase"]
[SourceDate "2018.10.10"]
[SourceVersion "1"]
[SourceVersionDate "2018.10.10"]
[SourceQuality "1"]
[WhiteTeam "Rijeka Kvarner"]
[BlackTeam "Karlobag"]
[WhiteTeamCountry "CRO"]
[BlackTeamCountry "CRO"]

1. d4 d5 2. c4 c6 3. Nc3 Nf6 4. cxd5 cxd5 5. Nf3 Nc6 6. e3 e6 7. Bd3 Bb4 8. 0-0 0-0 9. Bd2 Bd7 10. a3 Be7 11. b4 a6 12. Ne5 Nxe5 13. dxe5 Ne8 14. Qh5 f5 15. exf6 Nxf6 16. Qd1 Bd6 17. e4 d4 18. Ne2 Ng4 19. g3 Ne5 20. Bb1 Nf3+ 21. Kg2 e5 22. Ba2+ Kh8 23. h3 Qe8 24. Rh1 Ba4 0-1

[Event "Wch Seniors 23rd"]
[Site "Opatija"]
[Date "2013.11.23"]
[Round "11"]
[White "Kayaman, Metin"]
[Black "Spika, Ivica"]
[Result "0-1"]
[WhiteElo "1865"]
[BlackElo "2018"]
[PlyCount "104"]
[EventDate "2013.11.12"]
[EventType "swiss"]
[EventRounds "11"]
[EventCountry "CRO"]
[SourceTitle "CBM 157 Extra"]
[Source "ChessBase"]
[SourceDate "2013.12.19"]
[SourceVersion "1"]
[SourceVersionDate "2013.12.19"]
[SourceQuality "1"]

1. d4 Nf6 2. Nf3 e6 3. Bg5 h6 4. Bh4 d5 5. Nbd2 c5 6. e3 Nc6 7. Be2 cxd4 8. exd4 Be7 9. c3 0-0 10. 0-0 Nd7 11. Bg3 Bf6 12. Re1 Re8 13. Qc2 Nf8 14. Bd3 Bd7 15. Rad1 Rc8 16. Qb1 Na5 17. Ne5 Bxe5 18. Bxe5 Nc4 19. Bg3 Nxd2 20. Rxd2 Qb6 21. Qd1 Qd8 22. Be5 f5 23. f4 Ng6 24. Qh5 Nxe5 25. Rxe5 Rf8 26. Rf2 Kh7 27. g4 g6 28. Qh3 b5 29. a3 a5 30. Be2 b4 31. axb4 axb4 32. Re3 bxc3 33. bxc3 Qa5 34. g5 h5 35. Bxh5 Kg7 36. Bd1 Rh8 37. Qg3 Qa1 38. Rf1 Qb2 39. Qf2 Qa3 40. c4 Qa1 41. cxd5 Qxd4 42. dxe6 Bb5 43. Ree1 Qc3 44. Be2 Be8 45. Ba6 Rc7 46. Qe3 Qxe3+ 47. Rxe3 Kf8 48. Rb1 Rh4 49. Rb4 Rc1+ 50. Kg2 Bc6+ 51. Kg3 Rg4+ 52. Kf2 Rg2# 0-1

[Event "Wch Seniors 23rd"]
[Site "Opatija"]
[Date "2013.11.21"]
[Round "9"]
[White "Markovic, Lazar"]
[Black "Spika, Ivica"]
[Result "1/2-1/2"]
[WhiteElo "2172"]
[BlackElo "2018"]
[PlyCount "56"]
[EventDate "2013.11.12"]
[EventType "swiss"]
[EventRounds "11"]
[EventCountry "CRO"]
[SourceTitle "CBM 157 Extra"]
[Source "ChessBase"]
[SourceDate "2013.12.19"]
[SourceVersion "1"]
[SourceVersionDate "2013.12.19"]
[SourceQuality "1"]

1. e4 c5 2. Nf3 d6 3. d4 cxd4 4. Nxd4 Nf6 5. Nc3 g6 6. Be2 Bg7 7. Be3 Nc6 8. Qd2 0-0 9. f4 Ng4 10. Bxg4 Bxg4 11. h3 Bd7 12. 0-0 Na5 13. b3 Nc6 14. Rad1 Nxd4 15. Bxd4 Bxd4+ 16. Qxd4 Bc6 17. Nd5 Bxd5 18. exd5 Qc7 19. Rf2 f6 20. c4 Qc5 21. Qe4 Rf7 22. Kf1 a5 23. Rb1 b6 24. Ke2 f5 25. Qe3 Qxe3+ 26. Kxe3 Rff8 27. Kd4 Rfc8 28. a3 Rc7 1/2-1/2

[Event "Wch Seniors 23rd"]
[Site "Opatija"]
[Date "2013.11.19"]
[Round "7"]
[White "Norman, Kenneth I"]
[Black "Spika, Ivica"]
[Result "1-0"]
[WhiteElo "2173"]
[BlackElo "2018"]
[PlyCount "53"]
[EventDate "2013.11.12"]
[EventType "swiss"]
[EventRounds "11"]
[EventCountry "CRO"]
[SourceTitle "CBM 157 Extra"]
[Source "ChessBase"]
[SourceDate "2013.12.19"]
[SourceVersion "1"]
[SourceVersionDate "2013.12.19"]
[SourceQuality "1"]

1. Nf3 d5 2. c4 d4 3. d3 Nc6 4. g3 e5 5. Bg2 Nf6 6. 0-0 Nd7 7. Na3 Be7 8. Nc2 a5 9. Rb1 0-0 10. b3 Nc5 11. Ba3 Ne6 12. Bxe7 Qxe7 13. a3 Nc5 14. Qd2 a4 15. b4 Nb3 16. Qd1 Bf5 17. Nd2 Nxd2 18. Qxd2 e4 19. b5 exd3 20. exd3 Na5 21. Nb4 Rab8 22. Nd5 Qd6 23. Qxa5 Bxd3 24. Qxa4 Bxf1 25. Bxf1 Rfe8 26. Qb4 Qd7 27. Nf4 1-0

[Event "Wch Seniors 23rd"]
[Site "Opatija"]
[Date "2013.11.16"]
[Round "5"]
[White "Strohbusch, Frank"]
[Black "Spika, Ivica"]
[Result "0-1"]
[WhiteElo "1855"]
[BlackElo "2018"]
[PlyCount "56"]
[EventDate "2013.11.12"]
[EventType "swiss"]
[EventRounds "11"]
[EventCountry "CRO"]
[SourceTitle "CBM 157 Extra"]
[Source "ChessBase"]
[SourceDate "2013.12.19"]
[SourceVersion "1"]
[SourceVersionDate "2013.12.19"]
[SourceQuality "1"]

1. e4 c5 2. Nc3 Nc6 3. g3 g6 4. Bg2 Bg7 5. d3 d6 6. f4 e6 7. Nf3 Nge7 8. 0-0 0-0 9. Be3 b6 10. e5 Ba6 11. Re1 dxe5 12. Nxe5 Qc7 13. Rb1 Rad8 14. Nxc6 Nxc6 15. a4 Bb7 16. Nb5 Qd7 17. Re2 a6 18. Nc3 Nd4 19. Rd2 Bxg2 20. Rxg2 Qc6 21. Rf2 Nf5 22. Bd2 Bd4 23. Qe2 Bxf2+ 24. Qxf2 Nd4 25. Ne4 f5 26. Nc3 Nf3+ 27. Kf1 Nxd2+ 28. Qxd2 Qh1+ 0-1

[Event "CRO-chT2 West"]
[Site "Croatia"]
[Date "2013.03.17"]
[Round "2.55"]
[White "Spika, Ivica"]
[Black "Levar, Nenad"]
[Result "0-1"]
[WhiteElo "2026"]
[BlackElo "2124"]
[PlyCount "98"]
[EventDate "2013.03.16"]
[EventType "team-tourn"]
[EventRounds "9"]
[EventCountry "CRO"]
[SourceTitle "EXT 2019"]
[Source "ChessBase"]
[SourceDate "2018.10.10"]
[SourceVersion "1"]
[SourceVersionDate "2018.10.10"]
[SourceQuality "1"]
[WhiteTeam "Rijeka Kvarner"]
[BlackTeam "Karlobag"]
[WhiteTeamCountry "CRO"]
[BlackTeamCountry "CRO"]

1. d4 Nf6 2. Nf3 g6 3. c3 Bg7 4. Nbd2 0-0 5. e4 d6 6. Bc4 c6 7. 0-0 Qc7 8. Bb3 e5 9. dxe5 dxe5 10. Re1 h6 11. h3 Na6 12. Qc2 Nc5 13. Nf1 b5 14. Ng3 a5 15. Be3 Nxb3 16. Qxb3 Be6 17. Qc2 a4 18. b3 Rfd8 19. c4 bxc4 20. bxc4 Bf8 21. Rab1 Nd7 22. Nd2 Nc5 23. Rf1 Qa5 24. Rfd1 Rd7 25. Ndf1 Rad8 26. Rxd7 Nxd7 27. Rd1 Rb8 28. Nd2 a3 29. Nb3 Qa4 30. Rc1 Rb4 31. c5 Bxb3 32. axb3 Qxb3 33. Qd2 Rb7 34. Kh2 a2 35. Ra1 Ra7 36. Qc1 Qa3 37. Qc2 Bxc5 38. Nf1 Bxe3 39. Nxe3 Qa4 40. Qb2 Qa3 41. Qc2 Qa4 42. Qb2 Nc5 43. Qxe5 Nxe4 44. f3 Nf2 45. Nc4 Nd3 46. Qd4 Nb4 47. Qd8+ Kh7 48. Re1 a1Q 49. Re8 Ra8 0-1

[Event "CRO-chT2 West"]
[Site "Rijeka"]
[Date "2012.10.14"]
[Round "9.26"]
[White "Spika, Ivica"]
[Black "Mazuran, Marijan"]
[Result "1/2-1/2"]
[WhiteElo "2023"]
[BlackElo "2161"]
[PlyCount "78"]
[EventDate "2012.03.17"]
[EventType "team-tourn"]
[EventRounds "9"]
[EventCountry "CRO"]
[SourceTitle "EXT 2013"]
[Source "ChessBase"]
[SourceDate "2012.11.22"]
[SourceVersion "1"]
[SourceVersionDate "2012.11.22"]
[SourceQuality "1"]

1. Nf3 d5 2. d4 c6 3. e3 Nf6 4. Bd3 a6 5. Nbd2 e6 6. e4 dxe4 7. Nxe4 Nbd7 8. Bf4 Nxe4 9. Bxe4 Nf6 10. Bd3 c5 11. 0-0 cxd4 12. Nxd4 Be7 13. c3 0-0 14. Re1 Qb6 15. Qe2 Bd7 16. Rad1 Rfe8 17. Be5 Bc6 18. Nxc6 Qxc6 19. Bb1 Rad8 20. h3 Rxd1 21. Rxd1 Rd8 22. Rxd8+ Bxd8 23. Qd3 Qd5 24. c4 Qxd3 25. Bxd3 Nd7 26. Bd6 f5 27. c5 Kf7 28. Be2 Be7 29. Bxe7 Kxe7 30. c6 bxc6 31. Bxa6 Kd6 32. Kf1 Kd5 33. Ke2 Kd4 34. Bc8 Nc5 35. b4 Nd3 36. a3 g6 37. g3 e5 38. Bd7 c5 39. b5 c4 1/2-1/2

[Event "CRO-chT2 West"]
[Site "Croatia"]
[Date "2011.03.12"]
[Round "1.15"]
[White "Derencinovic, Radoslav"]
[Black "Spika, Ivica"]
[Result "1/2-1/2"]
[WhiteElo "1922"]
[BlackElo "2041"]
[PlyCount "20"]
[EventDate "2011.03.12"]
[EventType "team-tourn"]
[EventRounds "9"]
[EventCountry "CRO"]
[SourceTitle "EXT 2014"]
[Source "ChessBase"]
[SourceDate "2013.11.20"]
[SourceVersion "1"]
[SourceVersionDate "2013.11.20"]
[SourceQuality "1"]

1. e4 c5 2. c3 e6 3. d4 cxd4 4. cxd4 Nf6 5. Nc3 d6 6. Bb5+ Bd7 7. Bxd7+ Nfxd7 8. Nf3 a6 9. 0-0 Be7 10. Be3 0-0 1/2-1/2

[Event "CRO-Cup 19th"]
[Site "Sibenik"]
[Date "2010.05.22"]
[Round "5"]
[White "Spika, Ivica"]
[Black "Grguric, Zeljko"]
[Result "1-0"]
[WhiteElo "2086"]
[BlackElo "2116"]
[PlyCount "110"]
[EventDate "2010.05.19"]
[EventType "team-tourn"]
[EventRounds "6"]
[EventCountry "CRO"]
[SourceTitle "CBM 136 Extra"]
[Source "ChessBase"]
[SourceDate "2010.07.02"]
[SourceVersion "2"]
[SourceVersionDate "2010.07.15"]
[SourceQuality "1"]

1. d4 d5 2. c4 e6 3. Nc3 Nf6 4. Bg5 Be7 5. e3 a6 6. Bxf6 Bxf6 7. cxd5 exd5 8. Bd3 b5 9. Qc2 g6 10. Rc1 0-0 11. Nf3 Bb7 12. h4 Qe8 13. Ne2 Nc6 14. h5 Nb4 15. Qd2 Nxd3+ 16. Qxd3 Rc8 17. b4 Qe4 18. Qxe4 dxe4 19. Nd2 Be7 20. Rb1 f5 21. hxg6 hxg6 22. a3 Bd5 23. Nb3 Kg7 24. Nf4 Bf7 25. Na5 g5 26. Ne2 Bd5 27. Rc1 Bd6 28. Nc3 Ba8 29. g3 f4 30. gxf4 gxf4 31. Ke2 f3+ 32. Kd2 Rh8 33. Nb3 Kf6 34. Nc5 Bxc5 35. bxc5 Kf5 36. Rcg1 c6 37. Rxh8 Rxh8 38. Rg7 a5 39. Rf7+ Kg6 40. Ra7 b4 41. axb4 axb4 42. Nxe4 Kf5 43. Nd6+ Ke6 44. e4 Rb8 45. Ra2 Bb7 46. Nxb7 Rxb7 47. Rb2 Ra7 48. Rxb4 Ra3 49. Rb6 Kd7 50. Rb7+ Kd8 51. Rf7 Ke8 52. Rc7 Ra4 53. Ke3 Ra3+ 54. Kf4 Rd3 55. Rxc6 Rxd4 1-0

[Event "CRO-Cup 19th"]
[Site "Sibenik"]
[Date "2010.05.20"]
[Round "2"]
[White "Grgic, Miroslav"]
[Black "Spika, Ivica"]
[Result "0-1"]
[WhiteElo "1963"]
[BlackElo "2086"]
[PlyCount "90"]
[EventDate "2010.05.19"]
[EventType "team-tourn"]
[EventRounds "6"]
[EventCountry "CRO"]
[SourceTitle "CBM 136 Extra"]
[Source "ChessBase"]
[SourceDate "2010.07.02"]
[SourceVersion "2"]
[SourceVersionDate "2010.07.15"]
[SourceQuality "1"]

1. e4 d6 2. d4 e5 3. dxe5 dxe5 4. Qxd8+ Kxd8 5. Nc3 c6 6. Bc4 Ke8 7. Nf3 f6 8. Bd2 b5 9. Bb3 Nd7 10. a3 Nc5 11. Ba2 Be6 12. b4 Bxa2 13. Rxa2 Ne6 14. Ne2 c5 15. c3 a5 16. bxa5 c4 17. 0-0 Rxa5 18. Be3 Bc5 19. Bxc5 Nxc5 20. Nd2 Nh6 21. Rb1 Kd7 22. Rab2 Kc6 23. f3 Nf7 24. Ra2 Rha8 25. Rba1 Nd6 26. Nc1 Nd3 27. Nxd3 cxd3 28. Nb3 Ra4 29. Nc1 d2 30. Rxd2 Rxa3 31. Rda2 Rxa2 32. Rxa2 Rxa2 33. Nxa2 Kc5 34. Nb4 Kc4 35. Nd5 Kd3 36. Kf2 Kd2 37. g4 Nc4 38. Nc7 Na3 39. Nxb5 Nxb5 40. c4 Nd4 41. Kg3 Kc3 42. h4 Kxc4 43. g5 fxg5 44. hxg5 Ne2+ 45. Kg4 g6 0-1

[Event "CRO-Cup 19th"]
[Site "Sibenik"]
[Date "2010.05.19"]
[Round "1"]
[White "Spika, Ivica"]
[Black "Leventic, Ivan"]
[Result "0-1"]
[WhiteElo "2086"]
[BlackElo "2498"]
[PlyCount "58"]
[EventDate "2010.05.19"]
[EventType "team-tourn"]
[EventRounds "6"]
[EventCountry "CRO"]
[SourceTitle "CBM 136 Extra"]
[Source "ChessBase"]
[SourceDate "2010.07.02"]
[SourceVersion "2"]
[SourceVersionDate "2010.07.15"]
[SourceQuality "1"]

1. d4 Nf6 2. c4 e6 3. Nc3 Bb4 4. a3 Bxc3+ 5. bxc3 c5 6. Qc2 Nc6 7. Nf3 d6 8. e3 0-0 9. Be2 b6 10. Nd2 Ba6 11. 0-0 Rc8 12. Qa4 Na5 13. Nb3 Nxb3 14. Qxb3 cxd4 15. Qa4 d3 16. Bxd3 Bb7 17. Qc2 Qc7 18. a4 Ba6 19. a5 Bxc4 20. Bxc4 Qxc4 21. axb6 axb6 22. Bb2 d5 23. Ra4 Qb5 24. Rh4 Rc4 25. Rh3 Ra8 26. f3 Ra2 27. Rf2 Qa4 28. Qb1 Qb3 29. g4 h6 0-1

[Event "CRO-chT2 West"]
[Site "Croatia"]
[Date "2010.04.25"]
[Round "6.46"]
[White "Spika, Ivica"]
[Black "Kirincic, Marko"]
[Result "1/2-1/2"]
[WhiteElo "2071"]
[BlackElo "1871"]
[PlyCount "65"]
[EventDate "2010.03.27"]
[EventType "team-tourn"]
[EventRounds "9"]
[EventCountry "CRO"]
[SourceTitle "EXT 2012"]
[Source "ChessBase"]
[SourceDate "2011.11.24"]
[SourceVersion "1"]
[SourceVersionDate "2011.11.24"]
[SourceQuality "1"]

1. d4 d5 2. c4 Nf6 3. Nc3 Bf5 4. Qb3 b6 5. cxd5 e6 6. dxe6 Bxe6 7. Qa4+ Nbd7 8. Bg5 Be7 9. e3 0-0 10. Nf3 c5 11. Be2 cxd4 12. Nxd4 Nc5 13. Qd1 Nfe4 14. Nxe6 fxe6 15. Qxd8 Bxd8 16. Nxe4 Nxe4 17. Bf4 g5 18. Bg3 Bf6 19. Rb1 Rad8 20. Bg4 Rfe8 21. Rd1 Rxd1+ 22. Bxd1 Bxb2 23. 0-0 Nd2 24. Re1 Bc3 25. Re2 e5 26. e4 h5 27. Re3 Bd4 28. Bxh5 Rc8 29. Re1 Nxe4 30. Bf3 Nxg3 31. hxg3 Rc2 32. Re2 Rxe2 33. Bxe2 1/2-1/2

[Event "CRO-chT2 West"]
[Site "Croatia"]
[Date "2010.04.24"]
[Round "4.36"]
[White "Spika, Ivica"]
[Black "Brzac, Marijan"]
[Result "1-0"]
[WhiteElo "2071"]
[BlackElo "1888"]
[PlyCount "75"]
[EventDate "2010.03.27"]
[EventType "team-tourn"]
[EventRounds "9"]
[EventCountry "CRO"]
[SourceTitle "EXT 2012"]
[Source "ChessBase"]
[SourceDate "2011.11.24"]
[SourceVersion "1"]
[SourceVersionDate "2011.11.24"]
[SourceQuality "1"]

1. d4 e6 2. c4 d5 3. Nf3 c5 4. cxd5 exd5 5. Nc3 Nc6 6. Bg5 Be7 7. Bxe7 Ngxe7 8. e3 c4 9. Be2 Bf5 10. Nh4 0-0 11. Nxf5 Nxf5 12. 0-0 a6 13. Bf3 Nce7 14. g3 Qd6 15. Qc2 Rac8 16. Nxd5 Nxd5 17. Qxf5 Ne7 18. Qc2 b5 19. Qd2 Qf6 20. Bg2 h5 21. Rad1 Rfd8 22. Qc3 Nd5 23. Bxd5 Rxd5 24. e4 Rg5 25. d5 Qd6 26. Qe3 Rg6 27. e5 Qd7 28. Rfe1 h4 29. e6 fxe6 30. dxe6 Qe7 31. Qe4 Kh7 32. Rd7 Qf6 33. Rf7 Qg5 34. e7 hxg3 35. hxg3 Qc5 36. Kg2 Re8 37. Rh1+ Kg8 38. Rf8+ 1-0

[Event "CRO-Cup 18th"]
[Site "Sibenik"]
[Date "2009.05.22"]
[Round "3"]
[White "Spika, Ivica"]
[Black "Runic, Jovo"]
[Result "1-0"]
[WhiteElo "2088"]
[BlackElo "2086"]
[PlyCount "77"]
[EventDate "2009.05.20"]
[EventType "team-tourn"]
[EventRounds "5"]
[EventCountry "CRO"]
[SourceTitle "CBM 130 Extra"]
[Source "ChessBase"]
[SourceDate "2009.07.02"]
[SourceVersion "2"]
[SourceVersionDate "2009.07.15"]
[SourceQuality "1"]

1. d4 Nf6 2. Bf4 g6 3. Nf3 Bg7 4. e3 0-0 5. Nbd2 Nh5 6. Be5 Nf6 7. Bc4 d6 8. Bxf6 Bxf6 9. c3 Nc6 10. Qc2 e5 11. dxe5 Nxe5 12. Nxe5 Bxe5 13. h4 Bg4 14. h5 gxh5 15. Nf3 Bg7 16. 0-0-0 Qf6 17. Rd5 c6 18. Rd4 d5 19. Rxg4 dxc4 20. Rxh5 h6 21. Nd4 Kh8 22. Nf5 Rg8 23. Rxg7 Rxg7 24. Rxh6+ Qxh6 25. Nxh6 Rxg2 26. Qf5 Kg7 27. Ng4 Rg8 28. Ne5 Rf8 29. Nxc4 Rd8 30. Ne5 f6 31. Nd7 Rg6 32. Qe6 Rh8 33. Qe7+ Kh6 34. Nxf6 Rg1+ 35. Kc2 Kg6 36. Ne4 Kf5 37. Ng3+ Kg6 38. Qe6+ Kg7 39. Nf5+ 1-0

[Event "CRO-chT2a"]
[Site "Croatia"]
[Date "2009.04.26"]
[Round "6"]
[White "Prpic, Ivan"]
[Black "Spika, Ivica"]
[Result "1/2-1/2"]
[WhiteElo "1942"]
[BlackElo "2088"]
[PlyCount "166"]
[EventDate "2009.04.04"]
[EventType "team-tourn"]
[EventRounds "9"]
[EventCountry "CRO"]
[SourceTitle "EXT 2010"]
[Source "ChessBase"]
[SourceDate "2010.11.25"]
[SourceVersion "1"]
[SourceVersionDate "2010.11.25"]
[SourceQuality "1"]

1. e4 c5 2. Nf3 d6 3. Nc3 Nf6 4. h3 a6 5. d4 cxd4 6. Nxd4 e6 7. Be2 Bd7 8. 0-0 Nc6 9. Re1 Nxd4 10. Qxd4 Qc7 11. Bg5 Be7 12. Rad1 b5 13. Bf3 Rc8 14. a3 Qc5 15. Bxf6 gxf6 16. Qxc5 Rxc5 17. Rd2 Rg8 18. Ne2 Bc6 19. Ng3 f5 20. Kh1 Re5 21. Rde2 fxe4 22. Bxe4 Bxe4 23. Nxe4 Kf8 24. Nd2 Rxe2 25. Rxe2 Bf6 26. c3 d5 27. Nb3 Ke7 28. Nc5 a5 29. Nd3 Kd6 30. f4 Bh4 31. Ne5 Ke7 32. Nc6+ Kf6 33. Nxa5 Rg3 34. Rd2 Kf5 35. Nb3 Re3 36. Nd4+ Kxf4 37. Ne2+ Ke5 38. Kh2 Be1 39. Rc2 Kd6 40. g4 e5 41. Kg2 Bh4 42. Ng1 Rg3+ 43. Kh2 Rd3 44. Kg2 e4 45. Ne2 Ke5 46. Nd4 Kf4 47. Nf5 e3 48. Re2 Bd8 49. Nd4 Bb6 50. Nf3 d4 51. cxd4 Bxd4 52. Rc2 Rd1 53. Re2 Bg7 54. Ne1 Rd2 55. Kf1 Bxb2 56. Ng2+ Kg5 57. Rxe3 Bd4 58. Rf3 f6 59. Rf5+ Kh6 60. Nf4 Be5 61. Nh5 Kg6 62. Rf3 Rc2 63. Rb3 Rc3 64. Rxb5 Rxh3 65. Rb7 Rxa3 66. Rg7+ Kh6 67. Rf7 Ra4 68. Ke2 Rxg4 69. Nxf6 Bxf6 70. Rxf6+ Kg5 71. Rf7 h5 72. Kf3 Kh4 73. Ra7 Rg3+ 74. Kf2 Kh3 75. Ra1 h4 76. Rh1+ Kg4 77. Rg1 Kf4 78. Ra1 Kg4 79. Rg1 Kf4 80. Ra1 Rb3 81. Kg2 Rb2+ 82. Kh3 Rb3+ 83. Kh2 Rf3 1/2-1/2

[Event "CRO-chT2a"]
[Site "Croatia"]
[Date "2009.04.05"]
[Round "2"]
[White "Senjic, Pero"]
[Black "Spika, Ivica"]
[Result "0-1"]
[WhiteElo "1945"]
[BlackElo "2088"]
[PlyCount "110"]
[EventDate "2009.04.04"]
[EventType "team-tourn"]
[EventRounds "9"]
[EventCountry "CRO"]
[SourceTitle "EXT 2010"]
[Source "ChessBase"]
[SourceDate "2010.11.25"]
[SourceVersion "1"]
[SourceVersionDate "2010.11.25"]
[SourceQuality "1"]

1. d4 Nf6 2. c4 e6 3. Nc3 d5 4. Nf3 c6 5. e3 Nbd7 6. Bd2 a6 7. c5 Qc7 8. b4 e5 9. dxe5 Nxe5 10. Be2 Nxf3+ 11. Bxf3 Bf5 12. h3 Be7 13. 0-0 0-0 14. Ne2 Bd3 15. Bc3 Bxe2 16. Qxe2 Nd7 17. Qb2 Bf6 18. Bxf6 Nxf6 19. Qd4 Rfe8 20. a4 a5 21. b5 Qe7 22. Rfc1 Ne4 23. Rab1 Ng5 24. bxc6 bxc6 25. Rb6 Nxf3+ 26. gxf3 Qd7 27. Qg4 Re6 28. Kh2 Qe7 29. Rg1 g6 30. Qd4 Qc7+ 31. Kg2 Re5 32. Kf1 Rae8 33. Rg3 Rxe3 34. Rxg6+ hxg6 35. fxe3 Qg3 36. Qg4 Qe5 37. Qf4 Qxe3 38. Qxe3 Rxe3 39. Kf2 Ra3 40. Rxc6 Rxa4 41. Rd6 d4 42. Ke2 Rc4 43. c6 Rc3 44. Rxd4 Rxc6 45. Rd8+ Kg7 46. Ra8 Rc5 47. Kf2 Rf5 48. Kg3 Kf6 49. f4 Ke6 50. Rd8 Rd5 51. Ra8 Kd7 52. Kf3 Rf5 53. Ke4 Kc6 54. Rb8 a4 55. Rb4 Ra5 0-1

[Event "Rijeka op"]
[Site "Rijeka"]
[Date "2007.11.30"]
[Round "7"]
[White "Spika, Ivica"]
[Black "Radmanovic, Lazar"]
[Result "0-1"]
[WhiteElo "2080"]
[BlackElo "1929"]
[PlyCount "89"]
[EventDate "2007.11.25"]
[EventType "swiss"]
[EventRounds "9"]
[EventCountry "CRO"]
[SourceTitle "CBM 121 Extra"]
[Source "ChessBase"]
[SourceDate "2008.01.10"]
[SourceVersion "1"]
[SourceVersionDate "2008.01.10"]
[SourceQuality "1"]

1. d4 d5 2. Nf3 Nf6 3. c4 c6 4. Nc3 e6 5. e3 Be7 6. Bd3 dxc4 7. Bxc4 Nbd7 8. 0-0 0-0 9. e4 b5 10. Bd3 b4 11. Ne2 c5 12. b3 Bb7 13. Ng3 a5 14. Bb2 Qb6 15. e5 Nd5 16. Ne4 cxd4 17. Bxd4 Qd8 18. Rc1 Nf4 19. Bb1 Bd5 20. Qd2 Ng6 21. Qe3 f5 22. exf6 Nxf6 23. Nxf6+ gxf6 24. Be4 Bd6 25. Bxd5 exd5 26. Qe6+ Kg7 27. Rc6 Bb8 28. Nh4 Nxh4 29. f4 Ng6 30. Qg4 Kh8 31. g3 Ba7 32. Qd1 Ne7 33. Re6 Nf5 34. Bxa7 Rxa7 35. Qd3 Ng7 36. Rc6 Re8 37. Rfc1 Rae7 38. R1c2 d4 39. Kg2 Qd5+ 40. Kh3 Re3 41. Qa6 Qh5+ 42. Kg2 Qf3+ 43. Kh3 Ne6 44. Rc8 Nxf4+ 45. Kh4 0-1

[Event "CRO-chT1B"]
[Site "Sibenik"]
[Date "2007.09.27"]
[Round "3"]
[White "Zovko, Mario"]
[Black "Spika, Ivica"]
[Result "0-1"]
[WhiteElo "2212"]
[BlackElo "2080"]
[PlyCount "84"]
[EventDate "2007.09.25"]
[EventType "team"]
[EventRounds "9"]
[EventCountry "CRO"]
[SourceTitle "CBM 120 Extra"]
[Source "ChessBase"]
[SourceDate "2007.11.01"]
[SourceVersion "1"]
[SourceVersionDate "2007.11.01"]
[SourceQuality "1"]

1. e4 c5 2. Nc3 Nc6 3. Nge2 g6 4. g3 Bg7 5. Bg2 e6 6. d3 d6 7. Be3 Nd4 8. Qd2 Ne7 9. 0-0 0-0 10. Rae1 Rb8 11. Nd1 Nxe2+ 12. Rxe2 Nc6 13. c3 b6 14. Bh6 Bxh6 15. Qxh6 Ba6 16. Qd2 Ne5 17. c4 Nc6 18. f4 Qd7 19. f5 Nd4 20. Ref2 exf5 21. exf5 Bb7 22. Qh6 Bxg2 23. f6 Ne6 24. Rf4 g5 25. Rf5 Bxf1 26. Rxg5+ Kh8 27. Kxf1 Rg8 28. Rh5 Nf8 29. Ne3 Qe6 30. Qf4 Re8 31. Kf2 Qxe3+ 32. Qxe3 Rxe3 33. Kxe3 Rg6 34. Rf5 Nd7 35. Rf2 Rxf6 36. Rd2 Re6+ 37. Kf4 Ne5 38. b3 Nc6 39. Kf3 Nd4+ 40. Kf2 f5 41. Rb2 Kg7 42. a3 Kf6 0-1

[Event "CRO-chT2 West"]
[Site "Rijeka"]
[Date "2005.03.19"]
[Round "1"]
[White "Ramesa, Davor"]
[Black "Spika, Ivica"]
[Result "1-0"]
[WhiteElo "2156"]
[BlackElo "2108"]
[PlyCount "99"]
[EventDate "2005.03.19"]
[EventType "team"]
[EventRounds "11"]
[EventCountry "CRO"]
[SourceTitle "EXT 2007"]
[Source "ChessBase"]
[SourceDate "2006.11.23"]
[SourceVersion "1"]
[SourceVersionDate "2006.11.23"]
[SourceQuality "1"]

1. c4 Nf6 2. Nc3 e6 3. e4 c5 4. e5 Ng8 5. Nf3 d6 6. exd6 Bxd6 7. d4 cxd4 8. Nxd4 Bd7 9. Be2 a6 10. Nf5 Bf8 11. Nd6+ Bxd6 12. Qxd6 Bc6 13. Qg3 Nf6 14. 0-0 Nbd7 15. b4 0-0 16. Bh6 Ne8 17. Rfd1 Qc7 18. Bf4 e5 19. Bd2 Ndf6 20. b5 Bd7 21. Rac1 Bf5 22. Be3 Ne4 23. Nxe4 Bxe4 24. f3 Bg6 25. b6 Qe7 26. Rd5 Nf6 27. Bc5 Qe6 28. Rxe5 Qc6 29. Bxf8 Rxf8 30. c5 Nd5 31. Qf2 Rc8 32. Qd4 Nf6 33. Bc4 h6 34. Qd6 Qa4 35. Bb3 Qb5 36. Rd1 a5 37. c6 Qxb6+ 38. Qc5 Qc7 39. Re7 Qxc6 40. Qxc6 bxc6 41. Ra7 c5 42. Bc4 a4 43. Rd2 Rb8 44. Rxa4 Rb1+ 45. Kf2 Rh1 46. Rd8+ Kh7 47. Raa8 Bb1 48. Bxf7 g5 49. Ra7 h5 50. Rd6 1-0